000 00350nam a2200145Ia 4500
008 150201s2005 xx 000 0 und d
082 _a611
_bH2005S
100 _aSINGH,INDERVEER
245 _aHUMAN OSTEOLOGY
250 _a2ND
260 _bJAYPEE MEDICAL PUBLISHER
_aDELHI
_c2005
300 _a1-199
650 _aHUMAN OSTEOLOGY
942 _2ddc
_cBK
999 _c3391
_d3391